Normal view
MARC view
Entry Personal Name
001 - CONTROL NUMBER
- control field: 874825
003 - CONTROL NUMBER IDENTIFIER
- control field: OSt
005 - DATE AND TIME OF LATEST TRANSACTION
- control field: 20260114185824.0
008 - FIXED-LENGTH DATA ELEMENTS
- fixed length control field: 260114|| aca||aabn | a|a d
040 ## - CATALOGING SOURCE
- Original cataloging agency: OSt
- Transcribing agency: OSt
100 ## - HEADING--PERSONAL NAME
- Personal name: Robin P. Fawcett, M.A.K. Halliday, Sydney Lamb and Adam Makkai
670 ## - SOURCE DATA FOUND
- Source citation: Work cat.: (OSt)1473759: Robin P. Fawcett, M.A.K. Halliday, Sydney Lamb and Adam Makkai, The Semiotics of Culture and Language Volume 2 : Language and Other Semiotic Systems of Culture, 2015
